Statystyki dla Rozpoznaj postaci historyczne po wizerunku!

Kliknij tutaj aby rozwiązać quiz!

Ogólne statystyki

  • Ten quiz został rozwiązany 2 726 razy
  • Średni wynik to 11 z 15

Statystyki odpowiedzi

Odpowiedź% Poprawnych
Adolf Hitler
98%
Jan Paweł II
96%
Bolesław Chrobry
94%
Józef Piłsudski
87%
Juliusz Słowacki
85%
Winston Churchill
85%
Napoleon Bonaparte
83%
Maria Skłodowska-Curie
77%
Abraham Lincoln
75%
Leonardo da Vinci
74%
Grigorij Rasputin
68%
Ronald Reagan
58%
Benito Mussolini
55%
Fidel Castro
51%
Jan Matejko
39%

Rozkład punktacji

Percentyl według liczby udzielonych odpowiedzi

Procent ludzi z każdym wynikiem

Twoja historia wyników

Nie rozwiązałeś tego quizu